000 00250nam a22001217a 4500
008 170419b xxu||||| |||| 00| 0 eng d
041 _aeng
080 _a573
100 _a11
101 _aSHM
245 _aHUMAN BIOLOGY
_cBELK.C
942 _2udc
_cBK
999 _c11290
_d11290